[Event "Madrid ch - Previa B 2013"]
[Site "Madrid ESP"]
[Date "2013.02.16"]
[Round "7.11"]
[White "Merino Araguas, Jose Javier"]
[Black "Canseco Arenas, Alfonso"]
[Result "1-0"]
[WhiteElo "1829"]
[BlackElo "1706"]
[PlyCount "53"]
[EventDate "2013.02.01"]
[EventType "swiss"]
[EventRounds "9"]
[EventCountry "ESP"]
[Source "lmi"]
[SourceDate "2013.02.01"]

1. c4 Nf6 2. Nf3 g6 3. g3 Bg7 4. Bg2 c5 5. Nc3 d6 6. O-O Nc6 7. d3 O-O 8. h3 a6
9. a3 Rb8 10. Ne1 e6 11. Nc2 Nd4 12. Nxd4 cxd4 13. Na2 b5 14. cxb5 Rxb5 15. Nb4
d5 16. Nc6 Qb6 17. Ne7+ Kh8 18. Nxc8 Rxc8 19. b4 a5 20. Bd2 axb4 21. Bxb4 Bh6
22. Rb1 Qa7 23. Rb2 Bc1 24. Rc2 Rxc2 25. Qxc2 Bxa3 26. Qc8+ Kg7 27. Qf8# 1-0

[Event "Madrid ch - Previa B 2013"]
[Site "Madrid ESP"]
[Date "2013.02.16"]
[Round "7.12"]
[White "Leniz Martinez, Francisco"]
[Black "Bento Iglesias, Pablo"]
[Result "1-0"]
[WhiteElo "1779"]
[BlackElo "1525"]
[PlyCount "95"]
[EventDate "2013.02.01"]
[EventType "swiss"]
[EventRounds "9"]
[EventCountry "ESP"]
[Source "lmi"]
[SourceDate "2013.02.01"]

1. c4 Nf6 2. Nc3 e6 3. g3 Be7 4. Bg2 O-O 5. Nf3 d5 6. cxd5 exd5 7. d4 Ne4 8.
Qb3 Nxc3 9. bxc3 c6 10. O-O Nd7 11. a4 Nb6 12. Nd2 Be6 13. a5 Nd7 14. Qxb7 Qc8
15. Qxc8 Rfxc8 16. e4 Rab8 17. Re1 Rb5 18. f4 dxe4 19. Bxe4 Bd8 20. a6 Ba5 21.
Ra3 Nb6 22. Bd3 Rd5 23. Re5 Rcd8 24. Rxa5 Rxe5 25. fxe5 Nd5 26. Rc5 Ne7 27. Be4
Rc8 28. Kg2 Rc7 29. Nf3 f5 30. exf6 gxf6 31. Bf4 Rc8 32. Kf2 Bd5 33. Bxd5+ Nxd5
34. c4 Nb4 35. Ra5 Re8 36. Ra3 Kf7 37. Bd6 Nc2 38. Rb3 Re4 39. Bc5 h5 40. Bxa7
h4 41. Bc5 h3 42. a7 Na1 43. Rb7+ Kg6 44. a8=Q Re2+ 45. Kxe2 Nb3 46. Qg8+ Kf5
47. Qh7+ Ke6 48. Re7# 1-0

[Event "Madrid ch - Previa B 2013"]
[Site "Madrid ESP"]
[Date "2013.02.16"]
[Round "7.13"]
[White "Soto Martin, Pablo"]
[Black "Sancinena Arpide, Juan"]
[Result "1-0"]
[WhiteElo "1740"]
[BlackElo "1702"]
[PlyCount "67"]
[EventDate "2013.02.01"]
[EventType "swiss"]
[EventRounds "9"]
[EventCountry "ESP"]
[Source "lmi"]
[SourceDate "2013.02.01"]

1. e4 Nf6 2. e5 Nd5 3. d4 d6 4. c4 Nb6 5. exd6 exd6 6. Nc3 Nc6 7. Be3 Bf5 8.
Bd3 Qd7 9. Nge2 Nb4 10. Bxf5 Qxf5 11. O-O Nc2 12. Rc1 Nxe3 13. fxe3 Qe6 14. Qd3
Nxc4 15. Nb5 Qxe3+ 16. Qxe3+ Nxe3 17. Nxc7+ Kd8 18. Rxf7 Be7 19. Nxa8 Ke8 20.
Rf3 Nd5 21. Nc7+ Nxc7 22. Rxc7 Kd8 23. Rxb7 Re8 24. Rfb3 Rf8 25. Rxa7 Ke8 26.
Rbb7 Bg5 27. Ra8+ Bd8 28. Rxg7 h6 29. Rg6 Kd7 30. Ra7+ Kc6 31. Ra6+ Bb6 32.
Rxh6 Kb5 33. Ra3 Kc6 34. g4 1-0

[Event "Madrid ch - Previa B 2013"]
[Site "Madrid ESP"]
[Date "2013.02.16"]
[Round "7.14"]
[White "Veiga Rodriguez, Pablo"]
[Black "Martinez Montalvo, Eduardo"]
[Result "0-1"]
[WhiteElo "1610"]
[BlackElo "1793"]
[PlyCount "82"]
[EventDate "2013.02.01"]
[EventType "swiss"]
[EventRounds "9"]
[EventCountry "ESP"]
[Source "lmi"]
[SourceDate "2013.02.01"]

1. e4 b6 2. Nc3 Bb7 3. d4 e6 4. Bd3 Bb4 5. Nge2 Nf6 6. O-O Nc6 7. Bg5 h6 8. Bh4
g5 9. Bg3 h5 10. f3 h4 11. Bf2 e5 12. dxe5 Nxe5 13. Bd4 Qe7 14. Nb5 Bd6 15. a4
h3 16. Ng3 hxg2 17. Kxg2 Nxd3 18. Nxd6+ Qxd6 19. Qxd3 g4 20. Bxf6 Qxf6 21. fxg4
Qh4 22. Kf3 Rg8 23. Ke3 Qxh2 24. Rf3 Rxg4 25. Rh1 Qxg3 26. Rh8+ Ke7 27. Kd2
Qg2+ 28. Kc3 Rxh8 29. Rxf7+ Kxf7 30. Qxd7+ Kg8 31. Qe8+ Kg7 32. Qe5+ Kf7 33.
Qxc7+ Ke6 34. Qc4+ Kf6 35. Qd4+ Kg5 36. Qe5+ Kh4 37. Qxh8+ Kg3 38. Qb8+ Kf2 39.
Qxb7 Qxe4 40. Qxa7 Qc4+ 41. Kd2 Qd4+ 0-1

[Event "Madrid ch - Previa B 2013"]
[Site "Madrid ESP"]
[Date "2013.02.16"]
[Round "7.15"]
[White "Lopez Ziegler, Juan Jose"]
[Black "Herranz Sanchez, Pablo"]
[Result "1/2-1/2"]
[WhiteElo "1451"]
[BlackElo "1722"]
[PlyCount "75"]
[EventDate "2013.02.01"]
[EventType "swiss"]
[EventRounds "9"]
[EventCountry "ESP"]
[Source "lmi"]
[SourceDate "2013.02.01"]

1. d4 d5 2. Nf3 Nf6 3. Bf4 e6 4. e3 Bd6 5. Bg3 O-O 6. Nbd2 Bxg3 7. hxg3 Qd6 8.
c3 c5 9. Bd3 Nc6 10. g4 g6 11. g5 Nh5 12. Rxh5 gxh5 13. Nh4 c4 14. Bxh7+ Kxh7
15. Qxh5+ Kg7 16. Qh6+ Kg8 17. Nf5 exf5 18. Qxd6 Be6 19. O-O-O Kg7 20. Qf4 Rh8
21. g4 Rh4 22. f3 Rah8 23. Nf1 fxg4 24. Qf6+ Kg8 25. g6 R4h6 26. gxf7+ Bxf7 27.
Qg5+ Rg6 28. Qf5 g3 29. Nxg3 Rxg3 30. Qc8+ Kg7 31. Qxb7 Rh6 32. Qc7 Rgg6 33. e4
Rh5 34. e5 Re6 35. Rg1+ Kf8 36. Qc8+ Ke7 37. Rg7 Rf5 38. Rh7 1/2-1/2

[Event "Madrid ch - Previa B 2013"]
[Site "Madrid ESP"]
[Date "2013.02.16"]
[Round "7.16"]
[White "Vela Martinez, Jose"]
[Black "Mosteiro Montoro, Alvaro"]
[Result "0-1"]
[WhiteElo "1542"]
[BlackElo "1674"]
[PlyCount "116"]
[EventDate "2013.02.01"]
[EventType "swiss"]
[EventRounds "9"]
[EventCountry "ESP"]
[Source "lmi"]
[SourceDate "2013.02.01"]

1. e4 c5 2. Nf3 Nc6 3. d4 cxd4 4. Nxd4 e5 5. Nb3 Nf6 6. Nc3 Bb4 7. f3 d6 8. Bd2
Be6 9. a3 Bxc3 10. Bxc3 O-O 11. g4 Bxb3 12. cxb3 d5 13. g5 d4 14. gxf6 dxc3 15.
fxg7 Qh4+ 16. Ke2 Nd4+ 17. Ke3 Qf4+ 18. Kf2 Rfd8 19. Bd3 cxb2 20. Rb1 Ne6 21.
Rxb2 Qh4+ 22. Kf1 Nf4 23. Rd2 Qh3+ 24. Ke1 Rac8 25. Bc4 Qh4+ 26. Kf1 Rxd2 27.
Qxd2 Rd8 28. Qc2 Qh3+ 29. Ke1 Qd7 30. Kf2 a6 31. b4 b5 32. Bb3 Qd2+ 33. Qxd2
Rxd2+ 34. Kg3 Rd3 35. Rb1 Ne2+ 36. Kf2 Nd4 37. Bd5 Rxa3 38. Rc1 Rxf3+ 39. Kg2
Rf6 40. Rf1 Rxf1 41. Kxf1 Nc2 42. h4 Kxg7 43. Ke2 Nxb4 44. Bb3 a5 45. Kd2 a4
46. Bd1 f6 47. Kc3 Nc6 48. Be2 b4+ 49. Kb2 a3+ 50. Kb3 Kf8 51. Bc4 Ke7 52. h5
h6 53. Bd5 Kd6 54. Ka2 Kc5 55. Kb3 Nd4+ 56. Ka2 Ne2 57. Ka1 Ng3 58. Ka2 Nxh5
0-1

[Event "Madrid ch - Previa B 2013"]
[Site "Madrid ESP"]
[Date "2013.02.16"]
[Round "7.19"]
[White "Sebastian Enesco, Alex"]
[Black "Soto Martin, Miguel"]
[Result "1-0"]
[WhiteElo "1771"]
[BlackElo "1497"]
[PlyCount "85"]
[EventDate "2013.02.01"]
[EventType "swiss"]
[EventRounds "9"]
[EventCountry "ESP"]
[Source "lmi"]
[SourceDate "2013.02.01"]

1. e4 e5 2. Nf3 Nc6 3. Bb5 Bc5 4. O-O Nge7 5. b4 Bxb4 6. Bb2 d6 7. c3 Ba5 8. d4
exd4 9. cxd4 d5 10. e5 Bg4 11. Bd3 Bb6 12. Bc2 Nf5 13. Bxf5 Bxf5 14. Ba3 Bg4
15. Nbd2 Bxd4 16. Qa4 Bxf3 17. Rac1 Qd7 18. Rxc6 Qxc6 19. Qxd4 Bh5 20. Qh4 Qe6
21. Qxh5 O-O-O 22. Nf3 d4 23. Bc5 d3 24. Nd4 Qxa2 25. Qf5+ Kb8 26. Qxd3 b6 27.
Nc6+ Kc8 28. Nxd8 Rxd8 29. Qe4 Qd5 30. Qf5+ Kb8 31. Be3 Re8 32. Bf4 f6 33. Qh5
Rh8 34. h3 g6 35. Qe2 Re8 36. Re1 g5 37. Bg3 a5 38. e6 Re7 39. Qc2 Qd8 40. Qc6
Qd2 41. Qxb6+ Kc8 42. Qa6+ Kd8 43. Qa8# 1-0

[Event "Madrid ch - Previa B 2013"]
[Site "Madrid ESP"]
[Date "2013.02.16"]
[Round "7.21"]
[White "Yaniz Lana, Francisco Javier"]
[Black "Escanciano Reyero, Daniel"]
[Result "0-1"]
[WhiteElo "1669"]
[BlackElo "1498"]
[PlyCount "70"]
[EventDate "2013.02.01"]
[EventType "swiss"]
[EventRounds "9"]
[EventCountry "ESP"]
[Source "lmi"]
[SourceDate "2013.02.01"]

1. d4 d5 2. Nf3 Nf6 3. g3 e6 4. Bg2 c5 5. O-O cxd4 6. Nxd4 e5 7. Nb3 Be6 8. Nc3
Bb4 9. Qd3 Bxc3 10. Qxc3 Nbd7 11. Qb4 Qc7 12. Bg5 Rc8 13. f4 exf4 14. Bxf4 Qb6+
15. Qxb6 Nxb6 16. Nd4 O-O 17. Nxe6 fxe6 18. Bh3 Rfe8 19. c3 Na4 20. Rf3 b6 21.
Re3 Ne4 22. Rb1 Rc6 23. Bg2 Nac5 24. b4 Na4 25. Bxe4 dxe4 26. Be5 Rec8 27. Rc1
Rc4 28. Bd4 Rxd4 29. cxd4 Rxc1+ 30. Kf2 Nc3 31. Kg2 Rc2 32. Kf1 Kf7 33. a4 Kf6
34. g4 Kg5 35. h3 Kf4 0-1

[Event "Madrid ch - Previa B 2013"]
[Site "Madrid ESP"]
[Date "2013.02.16"]
[Round "7.22"]
[White "Rottenwoerer, Christoph"]
[Black "Melcon Diez, Enrique"]
[Result "1-0"]
[WhiteElo "1609"]
[BlackElo "1669"]
[PlyCount "83"]
[EventDate "2013.02.01"]
[EventType "swiss"]
[EventRounds "9"]
[EventCountry "ESP"]
[Source "lmi"]
[SourceDate "2013.02.01"]

1. c4 c5 2. g3 g6 3. Bg2 Bg7 4. Nc3 Nc6 5. Nf3 e6 6. d3 Nge7 7. Bg5 O-O 8. Qc1
b6 9. Ne4 f6 10. Bh6 Bxh6 11. Qxh6 Nf5 12. Qd2 d5 13. cxd5 exd5 14. Nc3 Bb7 15.
O-O Qd7 16. Rfd1 d4 17. Ne4 Rae8 18. b3 Nd6 19. Nxd6 Qxd6 20. Re1 Nb4 21. Qb2
Re7 22. a3 Nd5 23. Nd2 f5 24. Nc4 Qc7 25. b4 Rfe8 26. Bxd5+ Bxd5 27. Rac1 Qc6
28. Qd2 Qc7 29. Nb2 Qc8 30. Nc4 Qd7 31. Rc2 cxb4 32. Qxb4 f4 33. Qd6 Qxd6 34.
Nxd6 Rd8 35. Nb5 fxg3 36. fxg3 Bb7 37. Rc7 Rxc7 38. Nxc7 Rc8 39. Nb5 Rd8 40.
Nxa7 Rd5 41. Rb1 Ra5 42. Nb5 1-0

[Event "Madrid ch - Previa B 2013"]
[Site "Madrid ESP"]
[Date "2013.02.16"]
[Round "7.23"]
[White "Roman Garcia, Jose Luis"]
[Black "Benitez Cadenas, Luis Miguel"]
[Result "0-1"]
[WhiteElo "1512"]
[BlackElo "1714"]
[PlyCount "48"]
[EventDate "2013.02.01"]
[EventType "swiss"]
[EventRounds "9"]
[EventCountry "ESP"]
[Source "lmi"]
[SourceDate "2013.02.01"]

1. e4 e6 2. d4 d5 3. exd5 exd5 4. Nf3 Bd6 5. Bd3 Bg4 6. O-O Nc6 7. c3 Nge7 8.
Bg5 f6 9. Be3 Qd7 10. Nbd2 O-O-O 11. b4 Rde8 12. Qa4 Kb8 13. b5 Nd8 14. c4 dxc4
15. Bxc4 Nf5 16. Qb3 h5 17. h3 Bxf3 18. Nxf3 g5 19. Nd2 g4 20. Bd5 gxh3 21. g3
Bxg3 22. Ne4 Bh4 23. a4 Qg7+ 24. Kh2 Qg2# 0-1

[Event "Madrid ch - Previa B 2013"]
[Site "Madrid ESP"]
[Date "2013.02.16"]
[Round "7.24"]
[White "Di Pietro Moreno, Fatima"]
[Black "Muñoz Cebey, Ricardo"]
[Result "1/2-1/2"]
[WhiteElo "1273"]
[BlackElo "1961"]
[PlyCount "37"]
[EventDate "2013.02.01"]
[EventType "swiss"]
[EventRounds "9"]
[EventCountry "ESP"]
[Source "lmi"]
[SourceDate "2013.02.01"]

1. e4 c6 2. d4 d5 3. exd5 cxd5 4. Bd3 Nc6 5. c3 Qc7 6. Ne2 Nf6 7. Bf4 e5 8.
dxe5 Nxe5 9. Bb5+ Bd7 10. Bxd7+ Kxd7 11. O-O Bd6 12. Qa4+ Qc6 13. Qd4 Rhe8 14.
Ng3 Bc5 15. Qd1 Rad8 16. Nd2 Kc8 17. Nf3 Nxf3+ 18. Qxf3 Re6 19. Nf5 1/2-1/2

[Event "Madrid ch - Previa B 2013"]
[Site "Madrid ESP"]
[Date "2013.02.16"]
[Round "7.28"]
[White "Lopez Garralon, Jorge"]
[Black "Ojosnegros Martin, Angel"]
[Result "1-0"]
[WhiteElo "1270"]
[BlackElo "1522"]
[PlyCount "101"]
[EventDate "2013.02.01"]
[EventType "swiss"]
[EventRounds "9"]
[EventCountry "ESP"]
[Source "lmi"]
[SourceDate "2013.02.01"]

1. e4 e5 2. Nf3 Nc6 3. Bc4 Bc5 4. c3 Nf6 5. d4 exd4 6. cxd4 Bb4+ 7. Bd2 Bxd2+
8. Nbxd2 d5 9. exd5 Nxd5 10. Qb3 Nce7 11. O-O O-O 12. Rfe1 c6 13. Ne5 Qb6 14.
Bxd5 Nxd5 15. Qxb6 axb6 16. Ndf3 Be6 17. a3 h6 18. h3 Rac8 19. Rac1 c5 20. dxc5
bxc5 21. Nd3 c4 22. Nde5 Nf4 23. Rc3 Rfd8 24. Re4 Rd1+ 25. Kh2 Nd3 26. Nxd3
Rxd3 27. Rxd3 cxd3 28. Rd4 Rc2 29. Kg3 Rxb2 30. Rxd3 Ra2 31. Nd4 Bc4 32. Re3 b5
33. Nc6 f5 34. Ne7+ Kf7 35. Nxf5 Kf6 36. Nd6 g5 37. Nxc4 bxc4 38. Rc3 Ke5 39.
Rxc4 Rxa3+ 40. f3 Ra2 41. h4 Kf5 42. hxg5 hxg5 43. Rc5+ Kf6 44. Kh3 Rf2 45. Rc3
Kf5 46. g3 Re2 47. Rc5+ Re5 48. Rc4 Re3 49. g4+ Ke5 50. Rc5+ Kf4 51. Rf5# 1-0

[Event "Madrid ch - Previa B 2013"]
[Site "Madrid ESP"]
[Date "2013.02.16"]
[Round "7.29"]
[White "Vazquez Cabeza, Isaac"]
[Black "Villarroya Samaniego, Javier"]
[Result "1-0"]
[WhiteElo "1493"]
[BlackElo "1275"]
[PlyCount "95"]
[EventDate "2013.02.01"]
[EventType "swiss"]
[EventRounds "9"]
[EventCountry "ESP"]
[Source "lmi"]
[SourceDate "2013.02.01"]

1. c4 Nf6 2. Nc3 d6 3. d3 g6 4. g3 Bg7 5. Bg2 O-O 6. Nf3 c6 7. O-O Bg4 8. Bd2
Qc8 9. Qc1 Bh3 10. Bh6 Bxg2 11. Kxg2 Na6 12. Bxg7 Kxg7 13. Re1 h6 14. Rb1 Qd7
15. a3 Nc5 16. b4 Ne6 17. a4 a5 18. b5 c5 19. Nd2 b6 20. Nde4 Qb7 21. f3 Nxe4
22. Nxe4 f5 23. Qb2+ Kh7 24. Nd2 Nd4 25. e3 Ne6 26. e4 f4 27. g4 Qd7 28. Nb3 g5
29. h3 Ng7 30. d4 Rfe8 31. Rbd1 Qb7 32. dxc5 dxc5 33. Rd2 Rad8 34. Red1 Rxd2+
35. Qxd2 Ne6 36. Qd7 Qc8 37. Rd6 Nf8 38. Qxc8 Rxc8 39. Rxb6 Nd7 40. Re6 Re8 41.
Nxa5 Kg7 42. Nc6 Kf7 43. Rxh6 Nb6 44. Rh7+ Ke6 45. Rh6+ Kd7 46. Ne5+ Kc7 47.
Rc6+ Kb7 48. a5 1-0

[Event "Madrid ch - Previa B 2013"]
[Site "Madrid ESP"]
[Date "2013.02.16"]
[Round "7.31"]
[White "Martin Rodriguez, Jose Luis"]
[Black "Morona Calvo, Virgilio"]
[Result "0-1"]
[WhiteElo "1452"]
[BlackElo "1492"]
[PlyCount "44"]
[EventDate "2013.02.01"]
[EventType "swiss"]
[EventRounds "9"]
[EventCountry "ESP"]
[Source "lmi"]
[SourceDate "2013.02.01"]

1. e4 e5 2. Nf3 Nc6 3. d4 exd4 4. Nxd4 Nf6 5. Nxc6 bxc6 6. Bd3 Be7 7. Nc3 d6 8.
h3 O-O 9. Bf4 Re8 10. O-O Bb7 11. Re1 h6 12. Re3 Nh7 13. Ne2 Bg5 14. Rg3 Qf6
15. Be3 c5 16. c3 Bxe4 17. Bxe4 Rxe4 18. Rf3 Qe5 19. Bxg5 Nxg5 20. Rd3 Rxe2 21.
Kf1 Re8 22. Rd5 Qh2 0-1

[Event "Madrid ch - Previa B 2013"]
[Site "Madrid ESP"]
[Date "2013.02.22"]
[Round "8.1"]
[White "Cano Cabanillas, Javier"]
[Black "Marcos Herrero, Francisco"]
[Result "1/2-1/2"]
[WhiteElo "1985"]
[BlackElo "1895"]
[PlyCount "47"]
[EventDate "2013.02.01"]
[EventType "swiss"]
[EventRounds "9"]
[EventCountry "ESP"]
[Source "lmi"]
[SourceDate "2013.02.01"]

1. e4 c5 2. Nf3 d6 3. d4 Nf6 4. Nc3 cxd4 5. Nxd4 g6 6. Be3 Bg7 7. f3 Nc6 8. Bc4
Bd7 9. Qd2 O-O 10. O-O-O Rc8 11. Bb3 Ne5 12. Kb1 Nc4 13. Bxc4 Rxc4 14. g4 b5
15. b3 b4 16. Nd5 Nxd5 17. exd5 Rc5 18. Bh6 Bxh6 19. Qxh6 Rxd5 20. h4 f6 21. h5
g5 22. f4 Qb6 23. fxg5 Rxg5 24. Nf3 1/2-1/2

[Event "Madrid ch - Previa B 2013"]
[Site "Madrid ESP"]
[Date "2013.02.22"]
[Round "8.2"]
[White "Garcia Serrano, Jose M. Ii"]
[Black "Lopez Ziegler, Carlos"]
[Result "1/2-1/2"]
[WhiteElo "1877"]
[BlackElo "1911"]
[PlyCount "51"]
[EventDate "2013.02.01"]
[EventType "swiss"]
[EventRounds "9"]
[EventCountry "ESP"]
[Source "lmi"]
[SourceDate "2013.02.01"]

1. e4 c5 2. d4 cxd4 3. c3 Nf6 4. e5 Nd5 5. cxd4 e6 6. Nc3 d6 7. exd6 Qxd6 8.
Nf3 Nc6 9. Be2 Be7 10. O-O a6 11. Ng5 Nf6 12. Be3 Nb4 13. Qd2 Nbd5 14. Nge4
Nxe4 15. Nxe4 Qd8 16. Bf4 Nxf4 17. Qxf4 Bd7 18. Rfd1 Ba4 19. d5 Bxd1 20. dxe6
fxe6 21. Rxd1 Qb8 22. Nd6+ Bxd6 23. Rxd6 Ke7 24. Rxe6+ Kxe6 25. Bc4+ Ke7 26.
Qf7+ 1/2-1/2

[Event "Madrid ch - Previa B 2013"]
[Site "Madrid ESP"]
[Date "2013.02.22"]
[Round "8.4"]
[White "Plazuelo Pascual, Juan"]
[Black "Alonso Herrero, Ignacio"]
[Result "1-0"]
[WhiteElo "1870"]
[BlackElo "1789"]
[PlyCount "49"]
[EventDate "2013.02.01"]
[EventType "swiss"]
[EventRounds "9"]
[EventCountry "ESP"]
[Source "lmi"]
[SourceDate "2013.02.01"]

1. d4 d5 2. c4 Nf6 3. cxd5 Bf5 4. f3 Qxd5 5. e4 Nxe4 6. fxe4 Qxe4+ 7. Ne2 e6 8.
Nbc3 Bb4 9. Qd2 Qh4+ 10. g3 Qg4 11. Bg2 Nc6 12. h3 Qg6 13. g4 Na5 14. Nf4 Qg5
15. gxf5 Qxf5 16. Qd3 Qg5 17. h4 Qe7 18. a3 O-O-O 19. axb4 Qxb4 20. Ra4 Qb6 21.
Qb5 Nc6 22. Bxc6 bxc6 23. Qxb6 cxb6 24. Rxa7 Kb8 25. Rxf7 1-0

[Event "Madrid ch - Previa B 2013"]
[Site "Madrid ESP"]
[Date "2013.02.22"]
[Round "8.5"]
[White "Merino Araguas, Jose Javier"]
[Black "Garcia-Ruiz Fuentes, Angel M"]
[Result "1-0"]
[WhiteElo "1829"]
[BlackElo "1963"]
[PlyCount "95"]
[EventDate "2013.02.01"]
[EventType "swiss"]
[EventRounds "9"]
[EventCountry "ESP"]
[Source "lmi"]
[SourceDate "2013.02.01"]

1. d4 Nf6 2. c4 g6 3. Bg5 Bg7 4. Nc3 c5 5. e3 Nc6 6. Nf3 h6 7. Bh4 g5 8. Bg3
Nh5 9. Be2 Nxg3 10. hxg3 cxd4 11. exd4 Qa5 12. O-O O-O 13. a3 d6 14. b4 Qd8 15.
b5 Nb8 16. Qd3 Nd7 17. Rfd1 Nb6 18. a4 Be6 19. Nd2 Qc8 20. a5 Nd7 21. Nb3 Re8
22. Rac1 Nf6 23. Ne4 Nxe4 24. Qxe4 Bf5 25. Qf3 b6 26. a6 Qe6 27. Re1 Qg6 28.
Qe3 Rac8 29. Bf3 Rc7 30. Bc6 Rd8 31. Qd2 Qf6 32. Rcd1 Bg4 33. Rc1 Bf5 34. Rcd1
Bc8 35. Re3 Bxa6 36. Rde1 Bc8 37. Qe2 Kf8 38. f4 g4 39. Qd2 Bf5 40. Bd5 e6 41.
Bc6 Qg6 42. Nc1 Bf6 43. Nb3 Bc2 44. Nc1 Ba4 45. Ra3 Bc2 46. Rc3 Bf5 47. Rce3 a6
48. Nb3 1-0

[Event "Madrid ch - Previa B 2013"]
[Site "Madrid ESP"]
[Date "2013.02.22"]
[Round "8.6"]
[White "Leniz Martinez, Francisco"]
[Black "Cano Mercado, Francisco Manuel"]
[Result "0-1"]
[WhiteElo "1779"]
[BlackElo "1865"]
[PlyCount "106"]
[EventDate "2013.02.01"]
[EventType "swiss"]
[EventRounds "9"]
[EventCountry "ESP"]
[Source "lmi"]
[SourceDate "2013.02.01"]

1. c4 e6 2. g3 d5 3. Bg2 c6 4. cxd5 exd5 5. Nf3 Nf6 6. O-O g6 7. b3 Bg7 8. Bb2
O-O 9. Re1 Re8 10. d4 Bf5 11. Nh4 Be4 12. Nd2 Bxg2 13. Nxg2 Nbd7 14. e3 Nf8 15.
Rf1 Ne6 16. b4 Ng5 17. Ne1 Nge4 18. Ndf3 Qe7 19. a3 Ng4 20. Ng2 h5 21. h3 Nh6
22. Rc1 Nf5 23. Rc2 Nfd6 24. Ne5 Bxe5 25. dxe5 Nc4 26. Qd4 Nxb2 27. Rxb2 Qxe5
28. Qxe5 Rxe5 29. Rc1 Nd6 30. Rc3 Re4 31. Nf4 Rae8 32. Ne2 Kg7 33. Nd4 Kf6 34.
Rbb3 Nc4 35. Kg2 R4e7 36. Rc2 g5 37. Kf3 Kg6 38. Rc1 Nd2+ 39. Ke2 Nxb3 40. Nxb3
Re4 41. Kd3 f5 42. Nc5 R4e7 43. Rg1 b6 44. Nb3 Rc8 45. Rc1 Kf6 46. Rc2 Ke5 47.
f4+ gxf4 48. gxf4+ Kf6 49. Rf2 c5 50. Nd2 Rce8 51. Rf3 Re4 52. bxc5 bxc5 53.
Nb3 c4+ 0-1

[Event "Madrid ch - Previa B 2013"]
[Site "Madrid ESP"]
[Date "2013.02.22"]
[Round "8.7"]
[White "Tirado Parra, Alberto"]
[Black "Yeves Miquel, Enrique"]
[Result "1-0"]
[WhiteElo "1920"]
[BlackElo "1742"]
[PlyCount "25"]
[EventDate "2013.02.01"]
[EventType "swiss"]
[EventRounds "9"]
[EventCountry "ESP"]
[Source "lmi"]
[SourceDate "2013.02.01"]

1. Nf3 d5 2. c4 dxc4 3. Na3 Nf6 4. g3 c6 5. Nxc4 b5 6. Nce5 Bb7 7. Bg2 Nbd7 8.
Qb3 e6 9. Nxf7 Kxf7 10. Ng5+ Kg6 11. d4 Nd5 12. Qd3+ Kf6 13. Qf3+ 1-0

[Event "Madrid ch - Previa B 2013"]
[Site "Madrid ESP"]
[Date "2013.02.22"]
[Round "8.8"]
[White "Mosteiro Montoro, Alvaro"]
[Black "Largo Barbero, Benito"]
[Result "1-0"]
[WhiteElo "1674"]
[BlackElo "1916"]
[PlyCount "137"]
[EventDate "2013.02.01"]
[EventType "swiss"]
[EventRounds "9"]
[EventCountry "ESP"]
[Source "lmi"]
[SourceDate "2013.02.01"]

1. d4 Nf6 2. c4 Nc6 3. Nf3 e6 4. Nc3 Ne7 5. e4 d5 6. e5 Nd7 7. cxd5 Nxd5 8. Bd3
a6 9. a3 Be7 10. Qc2 Nf8 11. O-O Bd7 12. Bd2 Bc6 13. Be4 Rc8 14. b4 Ng6 15. g3
Qd7 16. Rac1 Nxc3 17. Bxc3 Bxe4 18. Qxe4 c6 19. h4 Bd8 20. Nd2 Ne7 21. Nc4 Bc7
22. Bd2 Rd8 23. Be3 Qd5 24. Nd2 Nf5 25. Qxd5 Rxd5 26. Nf3 Bb6 27. Rfd1 O-O 28.
g4 Ne7 29. Ng5 Rfd8 30. Nf3 h6 31. Rc4 Ng6 32. Rd2 Ne7 33. Kf1 a5 34. Ke2 axb4
35. axb4 Ra8 36. Rb2 Rb5 37. Ne1 Nd5 38. Nd3 Ra3 39. Bd2 Ba7 40. f4 Nb6 41.
Rcc2 Nc8 42. Ra2 Rxa2 43. Rxa2 Kh7 44. Nc5 h5 45. gxh5 b6 46. Ne4 Rd5 47. Be3
Rd7 48. Rc2 Ne7 49. Ng3 b5 50. Ne4 Nd5 51. Rxc6 Nxe3 52. Kxe3 Rxd4 53. Ng5+ Kh6
54. Nxf7+ Kxh5 55. Kf3 Kg6 56. Ng5 Kh5 57. Nxe6 Rd3+ 58. Ke4 Re3+ 59. Kf5 g6+
60. Kf6 Kxh4 61. Rc7 Ra3 62. Rb7 Be3 63. Kxg6 Bd2 64. Rxb5 Rg3+ 65. Kf5 Rb3 66.
Nd4 Rd3 67. Ne6 Kh5 68. Rb8 Kh4 69. b5 1-0

[Event "Madrid ch - Previa B 2013"]
[Site "Madrid ESP"]
[Date "2013.02.22"]
[Round "8.9"]
[White "Soto Martin, Pablo"]
[Black "Herrero Corada, Jose Ignacio"]
[Result "1-0"]
[WhiteElo "1740"]
[BlackElo "1849"]
[PlyCount "107"]
[EventDate "2013.02.01"]
[EventType "swiss"]
[EventRounds "9"]
[EventCountry "ESP"]
[Source "lmi"]
[SourceDate "2013.02.01"]

1. e4 c6 2. d4 d5 3. Nc3 dxe4 4. Nxe4 Nf6 5. Nxf6+ exf6 6. c3 Bd6 7. Bd3 O-O 8.
Qc2 Re8+ 9. Ne2 Kh8 10. Be3 Nd7 11. O-O Nf8 12. Rae1 Qc7 13. Ng3 Be6 14. f4 c5
15. Ne4 cxd4 16. Nxd6 Qxd6 17. Bxd4 Rac8 18. a3 Red8 19. Re3 Bc4 20. Bxc4 Rxc4
21. Qf5 Ne6 22. Rh3 Nf8 23. Qh5 Kg8 24. f5 Re8 25. Qg4 b6 26. Rg3 g6 27. fxg6
fxg6 28. Qf3 Nd7 29. h4 Rc7 30. h5 Kg7 31. hxg6 hxg6 32. Qd3 Ne5 33. Bxe5 Qxe5
34. Qxg6+ Kf8 35. Rxf6+ Ke7 36. Rf7+ Kd8 37. Rd3+ Kc8 38. Qg4+ Kb8 39. Rxc7
Qxc7 40. Kf2 Qc5+ 41. Qd4 Qf5+ 42. Kg1 Re1+ 43. Kh2 Qh7+ 44. Kg3 Qg6+ 45. Kf2
Re8 46. Qd6+ Qxd6 47. Rxd6 Kc7 48. Rd3 Re5 49. g4 Re4 50. Kf3 Re1 51. Rd2 Rg1
52. Kf4 Rf1+ 53. Kg5 Kc6 54. Kg6 1-0

[Event "Madrid ch - Previa B 2013"]
[Site "Madrid ESP"]
[Date "2013.02.22"]
[Round "8.10"]
[White "Ordoñez Morales, Alberto"]
[Black "Fernandez Rodriguez, Fernando J"]
[Result "1-0"]
[WhiteElo "1836"]
[BlackElo "1733"]
[PlyCount "71"]
[EventDate "2013.02.01"]
[EventType "swiss"]
[EventRounds "9"]
[EventCountry "ESP"]
[Source "lmi"]
[SourceDate "2013.02.01"]

1. e4 e5 2. Nf3 Nc6 3. Bc4 Nf6 4. Nc3 Bc5 5. d3 d6 6. Bg5 h6 7. Bh4 g5 8. Bg3
Be6 9. Bxe6 fxe6 10. h3 a6 11. Qd2 Qd7 12. Ne2 O-O 13. Nh2 Qf7 14. O-O-O Kg7
15. f3 Nh5 16. Ng4 Nf4 17. Nxf4 exf4 18. Bf2 Bxf2 19. Nxf2 e5 20. Kb1 b5 21. h4
Rh8 22. Rh2 Rh7 23. Rdh1 Rah8 24. Ng4 b4 25. Qe1 a5 26. hxg5 Kf8 27. Nf6 Rg7
28. gxh6 Rg6 29. Ng4 Ne7 30. Rh5 Ke8 31. Qe2 Ng8 32. d4 exd4 33. e5 Kd8 34.
exd6 Rxd6 35. Rxa5 Qg6 36. Ra8+ 1-0

[Event "Madrid ch - Previa B 2013"]
[Site "Madrid ESP"]
[Date "2013.02.22"]
[Round "8.11"]
[White "Martinez Montalvo, Eduardo"]
[Black "Lacaci Otero, Ivan"]
[Result "0-1"]
[WhiteElo "1793"]
[BlackElo "1671"]
[PlyCount "58"]
[EventDate "2013.02.01"]
[EventType "swiss"]
[EventRounds "9"]
[EventCountry "ESP"]
[Source "lmi"]
[SourceDate "2013.02.01"]

1. e4 c5 2. c3 d6 3. d4 Nf6 4. Bd3 e6 5. Nf3 Nbd7 6. O-O Be7 7. Re1 Qc7 8. e5
dxe5 9. dxe5 Nd5 10. Nbd2 a6 11. a4 b6 12. Nf1 c4 13. Bc2 Bb7 14. Ng3 h5 15. h3
O-O-O 16. Qe2 h4 17. Nf1 g5 18. Bxg5 Bxg5 19. Nxg5 Rdg8 20. Qd2 Nxe5 21. Be4
Nd3 22. Bxd3 cxd3 23. Re4 Rg7 24. Nf3 Nf6 25. Rf4 Rhg8 26. g4 Nxg4 27. hxg4
Rxg4+ 28. Rxg4 Rxg4+ 29. Kh1 Bxf3# 0-1